| 000 | 00668nam a2200217 u 4500 | ||
|---|---|---|---|
| 005 | 20240228064223.0 | ||
| 008 | 151022s2006 r 000 0 eng d | ||
| 020 | _a8574162906 | ||
| 035 | _aUPN01000206254 | ||
| 049 | _aI | ||
| 050 | 4 |
_aPZ50.58 _bS4.6 |
|
| 100 | 1 |
_aSeon-Hye, Jang _936722 |
|
| 245 | 1 | 0 |
_aQuedémonos aquí para estar calientitos / _cJang Seon-Hye ; il. de Choi Min-Ho ; tr. de Romeo Tello Arista. |
| 260 |
_aSao Paulo : _bCallis, _c2006. |
||
| 300 |
_a[36] p. : _bil. |
||
| 440 | 0 | _aTan Tan | |
| 650 | 4 |
_aLITERATURA INFANTIL COREANA _923129 |
|
| 650 | 4 |
_aLibros y lectura para niños _92290 |
|
| 700 | 1 |
_aMin-Ho, Choi, _eil. |
|
| 905 | _aInfantil | ||
| 999 |
_c178355 _d178355 |
||